| 000 | 01135nam a2200313 a 4500 | ||
|---|---|---|---|
| 008 | |||
| 020 | _a9780444517333 (hardback) | ||
| 040 |
_aNUST _cNUST |
||
| 049 | _aMAIN | ||
| 090 |
_aQD501 _bNEW |
||
| 245 | 1 | 0 |
_aNew developments and application in chemical reaction engineering _bproceedings of the 4th Asia-Pacific chemical reaction engineering symposium/ _cedited by Hyun-Ku Rhee : In-Sik Nam & Jong Moon Park. |
| 260 |
_aAmsterdam : _bElsevier, _c2006. |
||
| 300 |
_axxvii, 896 pages _billustrations : _c25 cm. |
||
| 336 |
_atext _btxt _2rdacontent |
||
| 337 |
_aunmediated _bn _2rdamedia |
||
| 338 |
_avolume _bnc _2rdacarrier |
||
| 440 | _aStudies in Surface Science and catalysis 159. | ||
| 500 | _aIncludes index. | ||
| 500 | _aIncludes bibliographical references. | ||
| 650 | 1 | _aChemical processes. | |
| 650 | _aChemical reactions. | ||
| 700 |
_aRhee, Hyun-Ku., _aeditor. |
||
| 700 |
_aNam, In-Sik., _aeditor. |
||
| 700 |
_aPark, Jong Moon., _aeditor. |
||
| 907 |
_a.b1040157x _b21-09-21 _c28-04-21 |
||
| 003 | |||
| 005 | 20230123141153.0 | ||
| 942 |
_cBOOKS _kQD501 _mNEW |
||
| 999 |
_c168882 _d168882 |
||